| 000 | 01322nam a22003977a 4500 | ||
|---|---|---|---|
| 003 | CHAP | ||
| 005 | 20220817043910.0 | ||
| 008 | 030624d2001 mx d rs 00110 spa d | ||
| 010 | _a87425 | ||
| 011 | _a88397 | ||
| 020 | _a9706285318 | ||
| 035 | _a98942 | ||
| 040 | _cCHAP | ||
| 090 | _aFolleto 16628 | ||
| 100 | 0 | 0 |
_aLópez Ramírez, Adriana. _968248 |
| 245 | 1 | 0 |
_aEl perfil sociodemográfico de los hogares en México 1976-1997 _c/por Adriana López Ramírez |
| 260 |
_aMéxico, D. F. : _bConsejo Nacional de Población, _c2001 |
||
| 300 |
_a44 p. : _bgráfs. ; cuadros |
||
| 410 | 2 | 1 | _aCONAPO |
| 490 | 0 | _aSerie: documentos técnicos | |
| 590 |
_aBATCH-UPD _b10 _c20130110 _lUCH01 _h0405 |
||
| 590 |
_aBATCH-UPD _b10 _c20130410 _lUCH01 _h0039 |
||
| 590 |
_aBATCH-UPD _b10 _c20130410 _lUCH01 _h1637 |
||
| 590 |
_aBATCH-UPD _b10 _c20130914 _lUCH01 _h1025 |
||
| 590 |
_aCONVERSION _b10 _c20130109 _lUCH01 _h1348 |
||
| 650 | 1 | 4 |
_aFamilia _xMéxico. _939408 |
| 650 | 1 | 4 |
_aMéxico _xCondiciones económicas. |
| 650 | 1 | 4 |
_aMéxico _xCondiciones sociales. _976730 |
| 650 | 1 | 4 |
_aPoblación _xMéxico. _989408 |
| 810 | 0 | 0 |
_aCONAPO _926278 |
| 830 | 0 | 0 |
_aSerie: documentos técnicos _9105096 |
| 901 | _aBK | ||
| 905 | _aMarco A. Medoza T. | ||
| 942 | _cFOLL | ||
| 949 |
_aFolleto 16628 _bBC _cFOLL _d33724002003835 _eTS1 _i98942 _sb |
||
| 999 |
_c87425 _d87425 |
||